Statistics for Nomenclature Assignment Gr. 9 #3 - mixed

Click here to take the quiz!

General Stats

  • This quiz has been taken 10 times
  • The average score is 26 of 40

Answer Stats

Hint Answer % Correct
carbon dioxideCO2
100%
sulfur trioxideSO3
88%
carbon tetrachlorideCCl4
88%
nitrogen monoxideNO
88%
sodium fluorideNaF
88%
dihydrogen monoxideH2O
88%
calcium oxideCaO
88%
silicon dioxideSiO2
75%
lithium nitrideLi3N
75%
beryllium iodideBeI2
75%
nitrogen trihydrideNH3
75%
diphosphorus trioxideP2O3
75%
calcium carbideCa2C
75%
dinitrogen tetroxideN2O4
75%
COcarbon monoxide
63%
CH4carbon tetrahydride
63%
CS2carbon disulfide
63%
NO2nitrogen dioxide
63%
CF4carbon tetrafluoride
63%
ClO2chlorine dioxide
63%
PI3phosphorus triiodide
63%
SO2sulfur dioxide
63%
PCl5phosphorus pentachloride
63%
Li2Olithium oxide
63%
P2O5diphosphorus pentoxide
63%
KBrpotassium bromide
63%
phosphorus pentabromidePBr5
63%
aluminum bromideAlBr3
63%
potassium oxideK2O
63%
Na3Nsodium nitride
50%
BeF2beryllium fluoride
50%
calcium nitrideCa3N2
50%
Al2O3aluminum oxide
50%
Na2Ssodium sulfide
50%
magnesium nitrideMg3N2
50%
aluminum sulfideAl2S3
50%
CaF2calcium fluoride
50%
AlCl3aluminum chloride
50%
K3Ppotassium phosphide
38%
Mg3P2magnesium phosphide
38%

Score Distribution

Percentile by Number Answered

Percent of People with Each Score

Your Score History

You have not taken this quiz